书目信息 |
| 题名: |
Adobe Photoshop CC 2018经典教程 : 彩色版
|
|
| 作者: | 安德鲁·福克纳 , 康拉德·查韦斯著 ;罗骥 译 | |
| 分册: | ||
| 出版信息: | 北京 人民邮电出版社 2018.11 |
|
| 页数: | 335页 | |
| 开本: | 24cm | |
| 丛书名: | ||
| 单 册: | ||
| 中图分类: | TP391.41 | |
| 科图分类: | ||
| 主题词: | 计算机应用 | |
| 电子资源: | ||
| ISBN: | 7-115-49042-2 | |
| 000 | 00817nam0 2200217 450 | |
| 001 | 1929951293 | |
| 005 | 20190120082115.01 | |
| 010 | @a7-115-49042-2@dCNY 108.00 | |
| 100 | @a20190120d2018 km y0chiy0120 ea | |
| 101 | 0 | @achi |
| 102 | @aCN@b110000 | |
| 200 | 1 | @aAdobe Photoshop CC 2018经典教程 : 彩色版@AAdobe Photoshop CC 2018 Jing Dian Jiao Cheng:Cai Se Ban@f(美) 安德鲁·福克纳, 康拉德·查韦斯著 ; 罗骥译@F(Mei)An De Lu·Fu Ke Na,Kang La De·Cha Wei Si Zhu;Luo Ji Yi |
| 210 | @a北京@c人民邮电出版社@d2018.11 | |
| 215 | @a335页@d24cm | |
| 606 | 0 | @a计算机应用 |
| 690 | @aTP391.41@v4 | |
| 701 | 0 | @a安德鲁·福克纳@AAn De Lu·Fu Ke Na |
| 701 | 0 | @a康拉德·查韦斯著@AKang La De·Cha Wei Si Zhu |
| 702 | 0 | @a罗骥@ALuo Ji@4译 |
| 801 | 0 | @aCN@b大连网信软件有限公司图书馆·11@c20190120 |
| 905 | @aZUCC@dTP391.41@eA491 | |
| Adobe Photoshop CC 2018经典教程 : 彩色版/(美) 安德鲁·福克纳, 康拉德·查韦斯著 ; 罗骥译.-北京:人民邮电出版社,2018.11 |
| 335页;24cm |
| ISBN 7-115-49042-2:CNY 108.00 |
| ● |
| 相关链接 |
|
|
|
正题名:Adobe Photoshop CC 2018经典教程 : 彩色版
索取号:TP391.41/A491
 
预约/预借
| 序号 | 登录号 | 条形码 | 馆藏地/架位号 | 状态 | 备注 |
| 1 | 1301785 | 213017858 | 生命科学与工程学院资料室/ [索取号:TP391.41/A491] | 在馆 |